Cholodnaja prokatka stali /

Gespeichert in:
Bibliographische Detailangaben
1. Verfasser: Roberts, Wiliam L (Verfasst von)
Format: Buch
Sprache:Russisch
Veröffentlicht: Moskva : Metallurgija, 1982
Schlagworte:
Tags: Tag hinzufügen
Keine Tags, Fügen Sie das erste Tag hinzu!

MARC

LEADER 00000nam a22000003a 4500
001 stu41373
005 20150617225719.3
008 931122s1982----xxr-----------------rus-d
040 |a STU  |b slo 
041 0 |a rus 
044 |a xxr 
080 |a 621.771 
100 1 |a Roberts, Wiliam L  |4 aut 
245 1 |a Cholodnaja prokatka stali /  |c [aut.]Wiliam L. Roberts 
260 |a Moskva :  |b Metallurgija,  |c 1982 
300 |a 542 s 
650 7 |a valcovanie za studena  |2 stusub 
650 7 |a oceľ  |2 stusub 
650 7 |a valcovanie  |2 stusub 
996 |b 284M062231  |c M*3401-1  |l MMKN  |s A  |a 24  |w stu41373_0001